000
00292nam a22001337a 4500
008
170308b xxu||||| |||| 00| 0 eng d
020
_a
9780683307399
041
_a
eng
080
_2
12TH
_a
611
100
_a
6
101
_a
SHM
245
_a
GRANT DISSECTOR
_c
SAUERLAND, E.K
942
_2
udc
_c
BK
999
_c
7190
_d
7190